000 01133cam a2200289 i 4500
001 15557
003 DO-SdUEMH
005 20251222200949.0
007 ta
008 211105s1998 dr |||gr|||| 000 0 spa|d
020 _a8489953015
040 _aDO-SdUEMH
_bspa
_erda
041 _aspa
082 0 4 _mRD
_aR-RD016.3307293 B213B
_bB213b
084 _b08-00036
110 _aRepublica Dominicana: Banco Central De La Republica Dominicana: Departamento Cultural
245 1 0 _aBibliografía económica dominicana, 1988-1996 /
264 0 1 _aSanto Domingo, República Dominicana :
_bBanco Central De La Republica Dominicana,
_c1997
264 _c©1998
300 _axxv, 840 paginas ;
_c23 cm
336 _2rdacontent
_atexto
_btxt
337 _2rdamedia
_asin mediación
_bn
338 _2rdacarrier
_avolumen
_bnc
505 2 _aPresentación -- Guía para el manejo de la bibliografía -- Lista de periódicos indizados -- Lista de revistas indizadas -- Abreviaturas utilizadas -- Tabla de descriptores -- Siglas de instituciones depositarias -- Índice bibliográfico -- Índice de autores.
942 _2ddc
_cBK
_n0
999 _c15557
_d15557